Shipping finance : financing ships and mobile offshore installations
Αποθηκεύτηκε σε:
| Κύριος συγγραφέας: | |
|---|---|
| Μορφή: | Βιβλίο |
| Γλώσσα: | English |
| Δημοσίευση: |
Surrey :
Fairplay Publications,
c1998
|
| Έκδοση: | 2nd ed. |
| Σειρά: | Ship management series
|
| Θέματα: | |
| Ετικέτες: |
Προσθήκη ετικέτας
Δεν υπάρχουν, Καταχωρήστε ετικέτα πρώτοι!
|
MARC
| LEADER | 00000cam a2200000 i 4500 | ||
|---|---|---|---|
| 001 | 1/16845 | ||
| 008 | 010206s1998 eng d | ||
| 020 | |a 1-870093-895 | ||
| 035 | |l 10065923 | ||
| 040 | |a GR-MY-UA |b gre |e aacr | ||
| 041 | 0 | |a eng | |
| 082 | 0 | |a 387.50681 | |
| 100 | 1 | |a Sloggett, J. E. | |
| 245 | 1 | 0 | |a Shipping finance : |b financing ships and mobile offshore installations / |c J.E. Sloggett |
| 250 | |a 2nd ed. | ||
| 260 | |a Surrey : |b Fairplay Publications, |c c1998 | ||
| 300 | |a viii, 110 p. | ||
| 490 | 1 | |a Ship management series | |
| 650 | 0 | 0 | |a Shipping |x Finance. |
| 650 | 0 | 0 | |a Mobile offshore structures |x Finance. |
| 830 | 0 | |a Ship management series | |
| 852 | |a INST |b CHIOS |e 20010212 |h 387.50681 SLO |p 005200016704 |q 005200016704 |t BK |y 0 | ||
| 852 | |a INST |b CHIOS |e 20010206 |h 387.50681 SLO |p 005200016924 |q 005200016924 |t BK |y 0 | ||
| 901 | |a BIBL2-2001-1 | ||
| 909 | |a Χ |b 076269 | ||
| 909 | |a Χ |b 083128 | ||
| 970 | |a ΣΠΕΝΤΖΑ |b ΕΛΕΝΗ |z 2001/02/06 | ||